000 00737nam a22002175i 4500
001 157635
003 ES-MaACL
005 20250728110715.0
008 021015s1898 fr |||| | fre d
040 _aCCPB | B
_bspa
_cCCPB | B
100 1 _aLetourneau, Charles.
_971888
245 1 2 _aL'évolution religieuse dans les diverses races humaines /
_cpar Ch. Letourneau.
250 _a2ème éd.
260 _aParis :
_bVigot Frères, éditeurs,
_c1898.
300 _aXX, 607 p. ;
_c23 cm.
490 1 _aBibliothèque anthropologique ;
_v20
650 7 _aReligión
_2embne
_916797
830 0 _aBibliothèque anthropologique ;
_v20
_9187951
852 _aES-MaACL
_jF-14331
_z-- Pasta española
999 _c157635
_d157635